000 00232nam a2200109Ia 4500
008 190216s9999||||xx |||||||||||||| ||und||
100 _aHanda. M
245 0 _aGate
260 _bSatya Prakasan
_c1996
300 _a267p
942 _cREF
999 _c36483
_d36483